Statistics for Survivor - Eye Of The Tiger Lyrics

Click here to take the quiz!

General Stats

  • This quiz has been taken 712 times
  • The average score is 15 of 20

Answer Stats

Lyrics Answer % Correct
Just a man and his will to _______survive
97%
Just a man and his will to _______survive
97%
Risin' up, back on the ______street
95%
Went the distance, now I'm back on my ____feet
94%
So many times, it happens too ____fast
92%
You change your passion for _____glory
91%
And he's watchin' us all in the ___ __ ___ _____eye of the tiger
87%
Took my ____, took my chancestime
86%
Risin' up to the challenge of our _____rival
85%
You must _____ just to keep them alivefight
80%
And the last known survivor stalks his ____ in the nightprey
79%
It's the eye of the tiger, it's the ______ of the fightthrill
75%
Went the distance, ___ I'm not gonna stopnow
68%
Risin' up, ________ to the topstraight
58%
Don't lose your grip on the ______ of the pastdreams
57%
Have the ____, got the gloryguts
55%
Hangin' tough, stayin' ______hungry
52%
____ to ____, out in the heatface
47%
They stack the ____ 'til we take to the streetodds
39%
For we kill with the _____ to surviveskill
27%

Score Distribution

Percentile by Number Answered

Percent of People with Each Score

Your Score History

You have not taken this quiz